000 01232nam a22002057a 4500
999 _c58936
_d58936
003 Ge_BSU
005 20221021114846.0
008 221021s2003 ge ||||| |||| 00| 0 geo d
041 _ageo
080 _a27-732.3(479.22)(09) ჯ-26
100 _aანანია (ჯაფარიძე) მთავარეპისკოპოსი
_915422
245 _aსაქართველოს საეკლესიო კრებები :
_bწ. 2, საქართველოს ეკლესიის მიმდინარე კრებები (IV-XVIII სს)
_cანანია (ჯაფარიძე); საქ. საპატრიარქოს მანგლის-წალკის ეპარქია, სტუ-ს თეოლოგიის კათედრა ;[რედ.: ლია შარვაშიძე]
264 _aთბილისი :
_bმერანი,
_c2003.
300 _a304 გვ.;
_b20 სმ.
653 _aრელიგია
653 _aქრისტიანობა
653 _aსაეკლესიო კრებები
700 _aშარვაშიძე, ლია
_eრედაქტორი
_95787
942 _2udc
_cBK